| 000 | 00917nam0a22002531 4500 | ||
|---|---|---|---|
| 001 | rc\786235 | ||
| 005 | 20250622132416.0 | ||
| 035 | _a(NLR Aleph) 006311780 | ||
| 090 |
_a7359403 _c7359403 |
||
| 100 | _a20040301d1983 |||y0rusy50 ca | ||
| 101 | 0 | _arus | |
| 102 | _aRU | ||
| 105 | _ay ||||||||| | ||
| 200 | 1 |
_aМодели и методы в планировании и управлении аграрно-промышленными комплексами _e(Учеб. пособие) |
|
| 210 |
_aТашкент _cТашПИ _d1983 |
||
| 215 |
_a76 с. _d20 |
||
| 300 | _aВ надзаг.: Ташк. политехн. ин-т им. Беруни | ||
| 320 | _aБиблиогр.: с. 74-75 (26 назв.) | ||
| 700 | 1 |
_aГулямов _bС.С. _f1947- _gСайдахрар Сайдахмедович |
|
| 801 | 0 |
_aRU _bNLR _gpsbo |
|
| 801 | 1 |
_aRU _bELAR _2rusmarc |
|
| 852 |
_aNLR _j83-4/33816 |
||
| 942 | _cBOOK | ||
| 980 | _aNB | ||